000 00246nam a22001097a 4500
008 230608b xxu||||| |||| 00| 0 eng d
082 _a708.56
_bROM
245 _aMuseums of Rome
260 _bMunicipality of Rome
300 _a146p
942 _2ddc
_cBK
999 _c829
_d829